000 01047nam a22002297a 4500
005 20110913152830.0
008 110913t xxu||||| |||| 00| 0 mar d
010 _aMAR-21303
020 _c175.00
_a9788171857852
035 _aMR-13961
037 _bDBAD/PUB
040 _aDPL
_bMR
082 _a891.46301
100 _aवनारसे,तारा
_934729
245 _aगुप्त वरदान /
_cतारा वनारसे
246 _aGupt Vardaan
_bby Tara anarase
260 _aमुंबई
_bपॉप्यूलर प्रकाशन
_c2011
270 _bमुंबई
_e400013
_a301,महालक्ष्मी चैंबर्स 22,भुलाभाई देसाई रोड,
300 _aतेवीस,139पृ.
_c21सेमी(अजिल्द)
942 _2ddc
_cMR
_mवनार
_h891.46301
999 _c56624
_d56624